000
00247 a2200097 4500
001
35375
100
_a
Muhammad Ria
245
_a
Modern Technician of Documentation & Information Work
260
_a
Lahore
_b
Qadiria Books
_c
090
_c
23403
_d
23403
942
_a
NUST-CAE
_c
M
_c
14896
999
_c
270448
_d
270448